ბათუმის შოთა რუსთაველის სახელმწიფო უნივერსიტეტის ბიბლიოთეკა

Основы электроснабжения горных предприятий. (ბიბ.ჩანაწერი № 40724)

000 -LEADER
fixed length control field 00616nam a2200205Ia 4500
001 - CONTROL NUMBER
control field 7361
003 - CONTROL NUMBER IDENTIFIER
control field GE_BSU
008 - FIXED-LENGTH DATA ELEMENTS--GENERAL INFORMATION
fixed length control field 181216s||||||||xx |||||||||||||| ||und||
040 ## - CATALOGING SOURCE
Transcribing agency GE_BSU
080 ## - UNIVERSAL DECIMAL CLASSIFICATION NUMBER
Universal Decimal Classification number 621.311(075.8)
100 ## - MAIN ENTRY--PERSONAL NAME
Personal name Гладилин,Л.В.
245 ## - TITLE STATEMENT
Title Основы электроснабжения горных предприятий.
245 ## - TITLE STATEMENT
Remainder of title Учебн.
260 ## - PUBLICATION, DISTRIBUTION, ETC.
Place of publication, distribution, etc. М.
260 ## - PUBLICATION, DISTRIBUTION, ETC.
Name of publisher, distributor, etc. Недра.
260 ## - PUBLICATION, DISTRIBUTION, ETC.
Date of publication, distribution, etc. 1970.
300 ## - PHYSICAL DESCRIPTION
Extent 256стр.22см.библиогр.:стр.251.
653 ## - INDEX TERM--UNCONTROLLED
Uncontrolled term Основы электроснабжения горных предприятий.
942 ## - ADDED ENTRY ELEMENTS (KOHA)
Koha item type წიგნი
ეგზემპლარები
Withdrawn status Lost status Damaged status Not for loan Date acquired Barcode Date last seen Price effective from Koha item type
        2018-12-17 11235 2018-12-17 2018-12-17 წიგნი
        2018-12-17 11236 2018-12-17 2018-12-17 წიგნი